Лига наций 1919-1934 / (Record no. 129890)
[ view plain ]
| 000 -LEADER | |
|---|---|
| fixed length control field | 00799nam a2200205 u 4500 |
| 001 - CONTROL NUMBER | |
| control field | 000342028 |
| 003 - CONTROL NUMBER IDENTIFIER | |
| control field | AM-YeHGA |
| 005 - DATE AND TIME OF LATEST TRANSACTION | |
| control field | 20250618072131.0 |
| 008 - FIXED-LENGTH DATA ELEMENTS--GENERAL INFORMATION | |
| fixed length control field | 040610s1982 ||||||||||||||||||||rus d |
| 040 ## - CATALOGING SOURCE | |
| Original cataloging agency | AM-YeHGA |
| 041 0# - LANGUAGE CODE | |
| Language code of text/sound track or separate title | rus |
| 090 ## - LOCALLY ASSIGNED LC-TYPE CALL NUMBER (OCLC); LOCAL CALL NUMBER (RLIN) | |
| -- | 131254 |
| 100 1# - MAIN ENTRY--PERSONAL NAME | |
| Personal name | Илюхина, Рузанна Михайловна |
| 245 10 - TITLE STATEMENT | |
| Title | Лига наций 1919-1934 / |
| Statement of responsibility, etc. | Р.М. Илюхина ; Отв. ред. А.О. Чубарьян ; АН СССР. Ин-т всеобщей истории. |
| 260 ## - PUBLICATION, DISTRIBUTION, ETC. | |
| Place of publication, distribution, etc. | Москва : |
| Name of publisher, distributor, etc. | Наука, |
| Date of publication, distribution, etc. | 1982. |
| 300 ## - PHYSICAL DESCRIPTION | |
| Extent | 355 с. |
| 650 14 - SUBJECT ADDED ENTRY--TOPICAL TERM | |
| Topical term or geographic name entry element | Международные отношения |
| 700 1# - ADDED ENTRY--PERSONAL NAME | |
| Personal name | Չուբարյան, Ալեքսանդր Օհանի, |
| Dates associated with a name | 1931- |
| Relator term | ред. |
| Relationship | edt |
| 9 (RLIN) | 3995 |
| 710 2# - ADDED ENTRY--CORPORATE NAME | |
| Corporate name or jurisdiction name as entry element | Институт всеобщей истории АН СССР |
| Withdrawn status | Lost status | Source of classification or shelving scheme | Damaged status | Not for loan | Collection | Home library | Current library | Date acquired | Total checkouts | Full call number | Barcode | Date last seen | Price effective from | Koha item type | Public note |
|---|---|---|---|---|---|---|---|---|---|---|---|---|---|---|---|
| Universal Decimal Classification | General | Fundamental Scientific Library | Fundamental Scientific Library | 22/12/2016 | PII/491919 | FL0251029 | 22/12/2016 | 22/12/2016 | Գրքեր / Books | 30 Days Loan | |||||
| Universal Decimal Classification | General | Fundamental Scientific Library | Fundamental Scientific Library | 22/12/2016 | PII/493407 | FL0243559 | 22/12/2016 | 22/12/2016 | Գրքեր / Books | 30 Days Loan |
ՀՀ Գիտությունների ազգային ակադեմիայի հիմնարար գիտական գրադարան = Fundamental Scientific Library of NAS RA
All site content, except where otherwise noted, is licensed under a